Things that are 'hot' Quiz Stats

 Plays Quiz not verified by Sporcle

Challenge
Share
Tweet
Embed
Score 0/21 Timer 10:00
0 Plays Today
Clue Answer % Correct
Cocoa drinkHot chocolate
88.9%
A wi-fi network access point or areaHotspot
79.2%
Film starring Tony Curtis and Marilyn MonroeSome Like it Hot
77.8%
Name given to a sausage in a finger rollHotdog
76.4%
Outdoor leisure bathHot tub
72.2%
A hasty or impetuous personHot-head
72.2%
Clothing fashionable in the 1960sHotpants
70.8%
GeysersHot springs
68.1%
Play by Tennessee WilliamsCat on a Hot Tin Roof
62.5%
Tuned-up cars for racingHotrods
62.5%
The position of ultimate responsibilityThe hot seat
56.9%
Clue Answer % Correct
Proverbially, how things that are popular sellLike hot cakes
54.2%
The latest newsHot off the press
52.8%
Empty talk that is intended to impressHot air
50%
Bed-warming gadgetHot water bottle
41.7%
A spiced, sweet teacake, traditionally eaten at EasterHot Cross Bun
37.5%
A good time to strikeWhile the iron is hot
37.5%
A controversial issue or situation that is awkward or unpleasant to deal withHot Potato
31.9%
An environment promoting the growth of something, esp. something unwelcomeHotbed
29.2%
1978 single by Rod StewartHot Legs
19.4%
1970s British wartime sitcom, set in British India and BurmaIt Ain't Half Hot, Mum
8.3%

You're not logged in!

Compare scores with friends on all Sporcle quizzes.
OR
Log In

You Might Also Like...

Show Comments

Extras

Created Jul 16, 2012ReportNominate
Tags:hot, phrase, term

Top Quizzes Today


Score Distribution

Your Account Isn't Verified!

In order to create a playlist on Sporcle, you need to verify the email address you used during registration. Go to your Sporcle Settings to finish the process.

Report this User

Report this user for behavior that violates our Community Guidelines.

Details: